01152nam a2200241 i 450000100060000000300090000600500170001500700030003200800410003510000530007624502130012926000320034230000200037449000560039450000860045065000540053670000450059070000360063583000640067185200340073599900170076995201240078667808ES-MaACL20250927063035.0t|040205s1968 sp ||||1| spa d1 aGallardo, Bartolomé José, d1776-185295347810aEnsayo de una biblioteca española de libros raros y curiosos / cformado con los apuntamientos de don Bartolomé José Gallardo coordinados y aumentados por D. M.R. Zarco del Valle y D. J. Sancho Rayón. aMadrid : bGredos, c[1968] a4 v. ; c27 cm.1 aBiblioteca románica hispánica. IX, Facsímiles aReproducción facsimil de la edición de: Madrid, Imp. de M. Rivadeneyra, 1863.04aLibros raros-zEspaña-vBibliografías.9144531 aZarco del Valle, Manuel Remón.91180650 aSancho Rayón, José.91030490 aBiblioteca románica hispánica. IX, Facsímiles9229052 aES-MaACLjE-9849-52 bR.66355 c67808d67808 00104070aATENEOMbATENEOMcDEPO2d2008-01-17eSCl0oE-9849-52p1070991r2023-02-23 00:00:00w2023-02-23yMONOGRAFIA